000 01590nam a2200241Ia 4500
999 _c38486
_d38486
001 4499
003 GE_BSU
005 20191016165458.0
008 181216s2012||||ge |||||||||||||| ||geo||
020 _a9789941922282
040 _cGE_BSU
080 _a619 კ–80
100 _aკოჩალიძე, ამირან
_94772
245 _aსასოფლო–სამეურნეო ცხოველთა დაავადებები, მათი პროფილაქტიკა და მკურნალობა :
_bსახელმძღვ. /
_c ამირან კოჩალიძე; რედ. თინა გელაშვილი.
264 _a ახალციხე :
_bახალციხის უნ-ტი,
_c2012.
300 _a545 გვ. ;
_b19 სმ.
653 _aსასოფლო-სამეურნეო ცხოველების დაავადებების მკურნალობა;
653 _aსასოფლო-სამეურნეო ცხოველების დაავადებების პროფილაქტიკა;
700 _aგელაშვილი, თინა
_eრედაქტორი
_94768
710 _aIAAD; შვეიცარიის განვითარებისა და თანამშრომლობის სააგენტო მერსი ქორფსი;
_94773
710 _aახალციხის სახელმწ. სასწავლო უნ-ტი;
_94770
942 _cBK
_2udc